| 000 | 00324 a2200133 4500 | ||
|---|---|---|---|
| 003 | Nust | ||
| 005 | 20170207154616.0 | ||
| 040 | _cNust | ||
| 082 | _a799 | ||
| 245 |
_aAlbum No.1 (Photograph 2005) _cMCS |
||
| 260 |
_aRawalpindi _bMCS |
||
| 650 | _aPictures of Album No.1 in MCS Photograph 2005,(CD-NO-14) | ||
| 651 | _aSweet Memories-MCS | ||
| 942 | _cBK | ||
| 999 |
_c198864 _d198864 |
||